000 00441nam a22001817a 4500
003 OSt
005 20260520110421.0
008 260520b |||||||| |||| 00| 0 eng d
040 _cAL
041 _dEng
082 _a494.25 YASY
100 _aYashavantha chithala
_9264160
245 _aYashavantha chithala avara aydha kathegalu
260 _aSagara
_bAkshara Prakashana
_c2018
300 _a108p
650 _2Kan
942 _2ddc
_cBED
999 _c241460
_d241460